[Event "13sen.WMD 2003 Seniorinnen"]
[Site "Bad Zwischenahn(17.11.-27.11)"]
[Date "2003.11.17"]
[Round "1.2"]
[White "Fatalibekova, Elena"]
[Black "Abdikasova, Panno"]
[Result "1/2-1/2"]
[WhiteElo "2291"]
[BlackElo "2006"]
[PlyCount "145"]
[EventDate "2003.11.??"]

1. d4 d5 2. Nf3 Nf6 3. c4 e6 4. Bg5 Be7 5. e3 c6 6. Nbd2 Nbd7 7. Bd3 h6 8. Bh4
dxc4 9. Nxc4 b5 10. Ncd2 a6 11. a4 Bb7 12. O-O O-O 13. Qe2 Re8 14. Rfc1 Rc8 15.
Nb3 Qb6 16. Nfd2 e5 17. Bf5 Rcd8 18. Bxf6 Bxf6 19. Bxd7 Rxd7 20. Ne4 Bd8 21.
Nbc5 Rd5 22. Nxb7 Qxb7 23. dxe5 Rexe5 24. Qc2 c5 25. axb5 axb5 26. Nc3 Rd7 27.
e4 c4 28. Rd1 Bb6 29. Nd5 Re8 30. Kh1 Red8 31. f3 Bc7 32. b3 Be5 33. Rab1 c3
34. b4 Rc8 35. Rd3 Rc4 36. Rbd1 Kf8 37. f4 Bd6 38. Rxc3 Rxc3 39. Qxc3 Bxf4 40.
Rf1 Bd6 41. Qf3 Kg8 42. Qg4 Kh8 43. Qf5 Qc8 44. Qf3 Qc4 45. Rb1 Rd8 46. Nf6 Rc8
47. Nd5 Qc1+ 48. Qf1 Qxf1+ 49. Rxf1 Rc4 50. g4 Kg8 51. Ra1 Rxe4 52. Ra5 Re2 53.
Kg1 Rxh2 54. Ra6 Be5 55. Ra8+ Kh7 56. Re8 Re2 57. Kf1 Re4 58. Re7 Kg6 59. Rb7
Bd4 60. Rxb5 f6 61. Rb7 h5 62. gxh5+ Kxh5 63. Rxg7 Be5 64. b5 Rd4 65. Rd7 Kh4
66. Kg2 Rd2+ 67. Kf3 Rb2 68. b6 f5 69. Re7 Bd4 70. Rh7+ Kg5 71. b7 Kg6 72. Rd7
Be5 73. Re7 1/2-1/2

[Event "13sen.WMD 2003 Seniorinnen"]
[Site "Bad Zwischenahn(17.11.-27.11)"]
[Date "2003.11.17"]
[Round "1.3"]
[White "Korneeva, Tamara"]
[Black "Saunina, Ludmilla"]
[Result "0-1"]
[WhiteElo "1879"]
[BlackElo "2278"]
[PlyCount "112"]
[EventDate "2003.11.??"]

1. d4 Nf6 2. Nf3 e6 3. a3 c5 4. g3 cxd4 5. Nxd4 d5 6. Nd2 e5 7. N4b3 Nc6 8. Bg2
Be7 9. Rb1 O-O 10. O-O Bf5 11. f3 d4 12. Ne4 Nd5 13. Bd2 Qb6 14. Kh1 Rfd8 15.
Rc1 a5 16. Rb1 a4 17. Na1 Qa7 18. f4 exf4 19. Bxf4 Bg4 20. Bf3 Ne3 21. Bxe3
dxe3 22. Qc1 Be6 23. c3 f5 24. Qc2 fxe4 25. Qxe4 Bd5 26. Qf5 Bxf3+ 27. Rxf3 Kh8
28. Nc2 Rf8 29. Qe4 Rxf3 30. exf3 Bc5 31. Re1 Qb8 32. Nxe3 Qe5 33. Nc4 Qxe4 34.
Rxe4 Kg8 35. Kg2 Rd8 36. h4 Rd7 37. Re2 Re7 38. Rd2 Ne5 39. Nxe5 Rxe5 40. g4
Kf7 41. Rd7+ Re7 42. Rd2 Ke6 43. c4 Rd7 44. Re2+ Kf7 45. Kg3 Rd4 46. Rc2 b6 47.
Rc3 Bd6+ 48. f4 Rxf4 49. Kh3 Rf2 50. g5 Rxb2 51. Kg4 Rb3 52. Rc2 Rxa3 53. Rb2
Rb3 54. Rf2+ Ke6 55. Re2+ Be5 56. Kh5 a3 0-1

[Event "13sen.WMD 2003 Seniorinnen"]
[Site "Bad Zwischenahn(17.11.-27.11)"]
[Date "2003.11.17"]
[Round "1.4"]
[White "Erenska-Barlo, Hanna"]
[Black "Richter, Hildegard"]
[Result "1-0"]
[WhiteElo "2247"]
[BlackElo "1713"]
[PlyCount "55"]
[EventDate "2003.11.??"]

1. e4 c5 2. f4 d5 3. exd5 Qxd5 4. Nc3 Qd8 5. Nf3 Bg4 6. h3 Bf5 7. Bb5+ Bd7 8.
Qe2 a6 9. Bxd7+ Nxd7 10. O-O Ngf6 11. d3 b5 12. Bd2 Qc7 13. Ne5 b4 14. Nxd7
Qxd7 15. Ne4 Nxe4 16. Qxe4 Rd8 17. a3 e6 18. f5 bxa3 19. fxe6 fxe6 20. Rxa3 Qc8
21. Qa4+ Qd7 22. Qxd7+ Kxd7 23. Rxa6 Rc8 24. Bc3 Rg8 25. Rf7+ Ke8 26. Rb7 c4
27. Rxe6+ Kd8 28. Ba5+ 1-0

[Event "13sen.WMD 2003 Seniorinnen"]
[Site "Bad Zwischenahn(17.11.-27.11)"]
[Date "2003.11.17"]
[Round "1.5"]
[White "Abolina, Arija-Solvei"]
[Black "Macek, Vlasta"]
[Result "0-1"]
[WhiteElo "1793"]
[BlackElo "2211"]
[PlyCount "92"]
[EventDate "2003.11.??"]

1. Nf3 d5 2. d4 Nf6 3. Bg5 e6 4. Nbd2 Be7 5. c4 c6 6. e3 h6 7. Bh4 Nbd7 8. Bd3
O-O 9. a3 Re8 10. Rc1 Nf8 11. Bg3 a5 12. O-O Nh5 13. Ne5 Nxg3 14. fxg3 f6 15.
Ng4 f5 16. Ne5 Bg5 17. Qf3 Nd7 18. Nxd7 Bxd7 19. Rce1 Rf8 20. Qe2 Qe7 21. g4
Rab8 22. cxd5 cxd5 23. gxf5 exf5 24. Nb1 Rbe8 25. Rf3 Be6 26. Nc3 Qd6 27. Nb5
Qd7 28. Rc1 Rc8 29. Rc3 Rc6 30. Qc2 Rxc3 31. Nxc3 g6 32. Qb3 Rf7 33. Bb1 Kg7
34. Ba2 f4 35. exf4 Rxf4 36. Rxf4 Bxf4 37. Qd1 Be3+ 38. Kh1 Qf7 39. h3 h5 40.
Bb1 Qf2 41. Ne2 Bd7 42. a4 Bxa4 43. Qd3 Be8 44. Bc2 h4 45. Bb3 Qf1+ 46. Kh2
Bg1+ 0-1

[Event "13sen.WMD 2003 Seniorinnen"]
[Site "Bad Zwischenahn(17.11.-27.11)"]
[Date "2003.11.17"]
[Round "1.6"]
[White "Khmiadashvili, Tamari"]
[Black "Kohls, Vera"]
[Result "1-0"]
[WhiteElo "2357"]
[BlackElo "1720"]
[PlyCount "120"]
[EventDate "2003.11.??"]

1. d4 e6 2. g3 d5 3. Bg2 Nf6 4. Bg5 Nbd7 5. c3 Be7 6. Nd2 h6 7. Bxf6 Nxf6 8. e3
c6 9. Ne2 Bd6 10. O-O e5 11. c4 Be6 12. c5 Bc7 13. f4 Ng4 14. Qb3 e4 15. h3 Nf6
16. f5 Bc8 17. g4 Nh7 18. Nf4 Bxf4 19. exf4 O-O 20. Qg3 Qf6 21. Nb3 b6 22. Rfc1
Bd7 23. a4 Rfb8 24. Kh2 Rb7 25. Rc3 Qd8 26. Re1 a5 27. h4 b5 28. Ra1 b4 29. Re3
h5 30. gxh5 Bxf5 31. h6 g6 32. Bh3 Qd7 33. Rg1 Bxh3 34. Qxh3 Qxh3+ 35. Kxh3 Nf6
36. f5 Kh7 37. Rf1 gxf5 38. Rxf5 Ng8 39. Rg3 Nxh6 40. Rf6 Re7 41. Re3 Re6 42.
Rxe6 fxe6 43. Re1 Nf5 44. Kg4 Kg6 45. h5+ Kh6 46. Kf4 Ng7 47. Ke5 Kxh5 48. Kd6
Rf8 49. Kxc6 Rf2 50. Kd7 Rf7+ 51. Kd8 e5 52. dxe5 Ne6+ 53. Kc8 Rc7+ 54. Kb8 Kg5
55. Nd4 Nxd4 56. Kxc7 Nf3 57. e6 Kf6 58. Kd7 Ne5+ 59. Kd6 Nc4+ 60. Kxd5 Nxb2
1-0

[Event "13sen.WMD 2003 Seniorinnen"]
[Site "Bad Zwischenahn(17.11.-27.11)"]
[Date "2003.11.17"]
[Round "1.7"]
[White "Hoose, Hannelore"]
[Black "Komycheva, Margarita"]
[Result "0-1"]
[WhiteElo "1671"]
[BlackElo "2208"]
[PlyCount "82"]
[EventDate "2003.11.??"]

1. e4 e5 2. Nf3 Nc6 3. Bc4 Bc5 4. O-O Nf6 5. Nc3 d6 6. h3 Be6 7. Be2 h6 8. d3
d5 9. exd5 Nxd5 10. Nxd5 Qxd5 11. c3 a5 12. Be3 O-O 13. Nh2 Rfe8 14. Qc2 Bf5
15. Bxc5 Qxc5 16. Rad1 Nd4 17. Qd2 Nxe2+ 18. Qxe2 Rad8 19. Qf3 Bc8 20. Rfe1 c6
21. d4 exd4 22. Rxe8+ Rxe8 23. cxd4 Qb4 24. Qc3 Re2 25. d5 Qxc3 26. bxc3 cxd5
27. Rxd5 Re1+ 28. Nf1 Be6 29. Rd4 Bxa2 30. f3 Rc1 31. Ra4 Bb3 32. Rd4 b5 33.
Kf2 Rxc3 34. Nd2 Be6 35. g4 Kf8 36. h4 Ke7 37. Ne4 Rc4 38. Rd2 a4 39. Ke3 a3
40. g5 hxg5 41. hxg5 a2 0-1

[Event "13sen.WMD 2003 Seniorinnen"]
[Site "Bad Zwischenahn(17.11.-27.11)"]
[Date "2003.11.17"]
[Round "1.8"]
[White "Karner, Irmgard"]
[Black "Hartlaub, Marianne"]
[Result "1/2-1/2"]
[WhiteElo "1640"]
[BlackElo "1536"]
[PlyCount "26"]
[EventDate "2003.11.??"]

1. d4 d6 2. Nf3 Bg4 3. Nbd2 Nd7 4. h3 Bh5 5. g4 Bg6 6. Nh4 c6 7. Nxg6 hxg6 8.
Bg2 e6 9. Nf3 Be7 10. c3 Qb6 11. Qb3 Ngf6 12. Bg5 Ne4 13. Bxe7 Kxe7 1/2-1/2

[Event "13sen.WMD 2003 Seniorinnen"]
[Site "Bad Zwischenahn(17.11.-27.11)"]
[Date "2003.11.17"]
[Round "1.9"]
[White "Schoerghuber, Barbara"]
[Black "Strelnikova, Elena"]
[Result "0-1"]
[WhiteElo "1457"]
[BlackElo "2153"]
[PlyCount "58"]
[EventDate "2003.11.??"]

1. d4 e6 2. e3 f5 3. c4 Nf6 4. Nc3 Bb4 5. Bd2 O-O 6. f4 d6 7. Bd3 Nbd7 8. Nf3
b6 9. Qb3 Bxc3 10. bxc3 c5 11. d5 Ne4 12. dxe6 Ndf6 13. Qc2 Bxe6 14. Ng5 Nxg5
15. fxg5 Ng4 16. e4 f4 17. h4 Qe8 18. Rf1 Qh5 19. O-O-O Qxh4 20. Rxf4 Qg3 21.
Rdf1 Ne5 22. Be2 Rfe8 23. R4f2 Ng6 24. Bd3 Rf8 25. Rxf8+ Rxf8 26. Rxf8+ Kxf8
27. e5 Nxe5 28. Bxh7 Qxg2 29. Qd1 Nxc4 0-1

[Event "13sen.WMD 2003 Seniorinnen"]
[Site "Bad Zwischenahn(17.11.-27.11)"]
[Date "2003.11.17"]
[Round "1.10"]
[White "Beliaeva, Natalia"]
[Black "Froeling, Philippa"]
[Result "1-0"]
[WhiteElo "2097"]
[BlackElo "1316"]
[PlyCount "33"]
[EventDate "2003.11.??"]

1. f4 d5 2. Nf3 c5 3. e3 Nc6 4. Bb5 a6 5. Bxc6+ bxc6 6. b3 d4 7. O-O dxe3 8.
dxe3 Qxd1 9. Rxd1 Bg4 10. Nbd2 O-O-O 11. Ba3 e6 12. Ne4 Rd5 13. c4 Bxf3 14.
gxf3 Rh5 15. Rd2 Nf6 16. Ng5 e5 17. Nxf7 1-0

[Event "13sen.WMD 2003 Seniorinnen"]
[Site "Bad Zwischenahn(17.11.-27.11)"]
[Date "2003.11.17"]
[Round "1.11"]
[White "Brockmeyer, Helga"]
[Black "Gumilevskaja, Galina"]
[Result "0-1"]
[WhiteElo "1168"]
[BlackElo "2083"]
[PlyCount "72"]
[EventDate "2003.11.??"]

1. c4 e5 2. Nc3 Nf6 3. Nf3 Nc6 4. g3 Bb4 5. Bg2 O-O 6. O-O d6 7. d4 Bxc3 8.
bxc3 e4 9. Ng5 Qe7 10. Qc2 Bf5 11. Bf4 h6 12. Nh3 Qd7 13. d5 Na5 14. Ng5 hxg5
15. Bxg5 Nh7 16. h4 Nxg5 17. hxg5 Qe7 18. Qc1 Nxc4 19. Qf4 Qe5 20. Qh4 f6 21.
Kh2 fxg5 22. Qxg5 Qf6 23. Qf4 g5 24. Qc1 Qh6+ 25. Kg1 Kg7 26. f3 e3 27. Qd1 Rh8
28. Qd4+ Kf7 29. Rfe1 Qh2+ 30. Kf1 Nd2+ 31. Qxd2 exd2 32. Red1 Qxg3 33. Rxd2
Rh2 34. e4 Bh3 35. Bxh3 Rxd2 36. Be6+ Ke7 0-1

[Event "13sen.WMD 2003 Seniorinnen"]
[Site "Bad Zwischenahn(17.11.-27.11)"]
[Date "2003.11.18"]
[Round "2.2"]
[White "Saunina, Ludmilla"]
[Black "Komycheva, Margarita"]
[Result "1/2-1/2"]
[WhiteElo "2278"]
[BlackElo "2208"]
[PlyCount "114"]
[EventDate "2003.11.??"]

1. e4 c5 2. Nf3 e6 3. d4 cxd4 4. Nxd4 a6 5. Bd3 Nc6 6. Nxc6 dxc6 7. O-O e5 8.
Be3 Be6 9. Nd2 c5 10. a4 Qc7 11. Qe2 Nf6 12. f3 Be7 13. Bc4 Bxc4 14. Nxc4 O-O
15. a5 Rad8 16. Nb6 h6 17. Qc4 Qc6 18. Rfd1 Qb5 19. Qxb5 axb5 20. b3 Rfe8 21.
Kf2 Kf8 22. Ke2 g5 23. g4 Kg7 24. Rd3 Rxd3 25. cxd3 h5 26. Bxg5 hxg4 27. fxg4
Kg6 28. Bxf6 Bxf6 29. Kf3 Rh8 30. a6 bxa6 31. Rxa6 Kg7 32. Kg2 Bg5 33. Nd7 Bf4
34. h3 Re8 35. Ra5 c4 36. bxc4 bxc4 37. Nb6 Rd8 38. dxc4 Rd2+ 39. Kf1 Rd4 40.
Kg2 Rd2+ 41. Kf1 Rd4 42. Ke2 Rd2+ 43. Ke1 Rd4 44. Ra3 Rxe4+ 45. Kf2 Bd2 46. Rd3
Be1+ 47. Kg2 Ba5 48. c5 Rb4 49. Nd5 Rc4 50. Ne3 Rxc5 51. Rd5 Rxd5 52. Nxd5 Be1
53. Kf3 Kg6 54. Ke3 f6 55. Ke4 Kg5 56. Kf3 Bd2 57. Nc7 Be1 1/2-1/2

[Event "13sen.WMD 2003 Seniorinnen"]
[Site "Bad Zwischenahn(17.11.-27.11)"]
[Date "2003.11.18"]
[Round "2.3"]
[White "Strelnikova, Elena"]
[Black "Erenska-Barlo, Hanna"]
[Result "0-1"]
[WhiteElo "2153"]
[BlackElo "2247"]
[PlyCount "114"]
[EventDate "2003.11.??"]

1. e4 c5 2. f4 d5 3. exd5 Qxd5 4. Nc3 Qd8 5. Nf3 Nc6 6. Bb5 Bd7 7. Bxc6 Bxc6 8.
d3 e6 9. O-O Nf6 10. Qe1 Be7 11. Ne5 Rc8 12. Be3 O-O 13. Nxc6 Rxc6 14. Qg3 Nd5
15. Nxd5 Qxd5 16. b3 Bf6 17. Rad1 Bd4 18. a4 a6 19. Rde1 Bc3 20. Re2 b5 21.
axb5 axb5 22. Qf2 f5 23. Qf3 Rd8 24. Kf2 Qxf3+ 25. Kxf3 Kf7 26. h3 Ra8 27. g4
Ra2 28. Bf2 h6 29. Bh4 Ra7 30. Rg1 Rd7 31. Rb1 Rd5 32. Be1 Bf6 33. Bd2 g6 34.
Rg2 Rcd6 35. Be3 Rc6 36. Ke2 Bc3 37. Rbg1 c4 38. bxc4 bxc4 39. gxf5 cxd3+ 40.
cxd3 exf5 41. Rc1 Rc7 42. Bb6 Re7+ 43. Be3 Bd4 44. Rg3 Ra5 45. Rc2 Ra1 46. Kf2
Bf6 47. Bb6 Bh4 48. Kg2 Bxg3 49. Kxg3 Ra3 50. Rd2 Rd7 51. Kg2 Raxd3 52. Rxd3
Rxd3 53. Bc5 Ke6 54. h4 Kd5 55. Bf8 h5 56. Bh6 Ke4 57. Bg5 Rf3 0-1

[Event "13sen.WMD 2003 Seniorinnen"]
[Site "Bad Zwischenahn(17.11.-27.11)"]
[Date "2003.11.18"]
[Round "2.4"]
[White "Macek, Vlasta"]
[Black "Beliaeva, Natalia"]
[Result "1/2-1/2"]
[WhiteElo "2211"]
[BlackElo "2097"]
[PlyCount "104"]
[EventDate "2003.11.??"]

1. d4 d5 2. c4 e6 3. Nc3 Nf6 4. cxd5 exd5 5. Bg5 Be7 6. e3 O-O 7. Qc2 c6 8. Bd3
h6 9. Bf4 Be6 10. Nf3 Nbd7 11. h3 Rc8 12. O-O Re8 13. Rab1 Qa5 14. a3 c5 15.
dxc5 Qxc5 16. Nd4 Qb6 17. Rfc1 a6 18. b4 Bd6 19. Bxd6 Qxd6 20. Qd2 Ne5 21. Nce2
Nxd3 22. Qxd3 Rxc1+ 23. Rxc1 Rc8 24. Rxc8+ Bxc8 25. Nb3 Qe5 26. Qc3 Qxc3 27.
Nxc3 Kf8 28. Na4 Ke7 29. Nbc5 Kd6 30. Kf1 Kc6 31. Nb3 Ne4 32. Nd4+ Kc7 33. Ke2
Bd7 34. Nb2 Kd6 35. f3 Ng3+ 36. Kf2 Nf5 37. Nxf5+ Bxf5 38. Ke2 b6 39. Kd2 a5
40. Kc3 axb4+ 41. Kxb4 Kc6 42. h4 h5 43. g3 f6 44. f4 Be4 45. Nd1 Bf3 46. Nc3
Bg4 47. Nb5 Bd7 48. Nd4+ Kd6 49. Nb3 Ke6 50. Nd4+ Kd6 51. a4 g6 52. Nb5+ Kc6
1/2-1/2

[Event "13sen.WMD 2003 Seniorinnen"]
[Site "Bad Zwischenahn(17.11.-27.11)"]
[Date "2003.11.18"]
[Round "2.5"]
[White "Gumilevskaja, Galina"]
[Black "Fatalibekova, Elena"]
[Result "0-1"]
[WhiteElo "2083"]
[BlackElo "2291"]
[PlyCount "150"]
[EventDate "2003.11.??"]

1. f4 Nf6 2. Nf3 c5 3. e3 a6 4. b3 g6 5. Bb2 Bg7 6. Be2 O-O 7. O-O Nc6 8. Qe1
d5 9. d3 d4 10. e4 Ng4 11. Bc1 e5 12. fxe5 Ncxe5 13. Nxe5 Bxe5 14. Bxg4 Bxg4
15. Nd2 b5 16. h3 Bd7 17. Nf3 Bg7 18. Bf4 Re8 19. Qg3 Rc8 20. Ng5 f6 21. Nf3
Be6 22. Qf2 Qb6 23. Kh1 Rcd8 24. Bh2 Rd7 25. Bg1 Red8 26. a4 h6 27. Nh4 Kh7 28.
Qg3 Bf7 29. Ra2 Bf8 30. Raa1 h5 31. Qf3 Bg7 32. Bf2 Be6 33. Be1 Rf8 34. axb5
axb5 35. Qe2 Ra7 36. Bd2 c4 37. bxc4 bxc4 38. Rab1 Qd8 39. Nf3 Ra2 40. Bb4 Rf7
41. Bc5 cxd3 42. Qxd3 Qc8 43. Bxd4 Rxc2 44. Ne1 Ra2 45. Rf2 Rxf2 46. Bxf2 Rd7
47. Qg3 Qc4 48. Qf3 f5 49. exf5 Bxf5 50. Rb8 Qf1+ 51. Kh2 Be5+ 52. Bg3 Qxe1 53.
Rb5 Bxg3+ 54. Qxg3 Qxg3+ 55. Kxg3 Rd3+ 56. Kf4 Rd2 57. Kf3 Rd4 58. Re5 h4 59.
Ke3 Ra4 60. Kf3 Kg7 61. Re3 Rd4 62. g4 hxg3 63. Kxg3 Rd3 64. Rxd3 Bxd3 65. h4
Kh6 66. Kg4 Bf5+ 67. Kf4 Kh5 68. Kg3 Be6 69. Kh2 Kxh4 70. Kg2 g5 71. Kh2 g4 72.
Kg2 g3 73. Kg1 Kh3 74. Kh1 Bd5+ 75. Kg1 Be4 0-1

[Event "13sen.WMD 2003 Seniorinnen"]
[Site "Bad Zwischenahn(17.11.-27.11)"]
[Date "2003.11.18"]
[Round "2.6"]
[White "Abdikasova, Panno"]
[Black "Karner, Irmgard"]
[Result "1-0"]
[WhiteElo "2006"]
[BlackElo "1640"]
[PlyCount "44"]
[EventDate "2003.11.??"]

1. d4 Nf6 2. c4 g6 3. Nc3 Bg7 4. e4 d6 5. Be2 c6 6. Nf3 Bg4 7. Be3 Qc7 8. Qd2
h5 9. h3 Bxf3 10. gxf3 e5 11. d5 c5 12. Nb5 Qd7 13. b4 b6 14. bxc5 bxc5 15. Qa5
O-O 16. Nc7 Qd8 17. Bd2 Nbd7 18. Nxa8 Qxa8 19. Rb1 Nb6 20. O-O Kh7 21. Rb3 Rb8
22. Rfb1 Nfd7 1-0

[Event "13sen.WMD 2003 Seniorinnen"]
[Site "Bad Zwischenahn(17.11.-27.11)"]
[Date "2003.11.18"]
[Round "2.7"]
[White "Hartlaub, Marianne"]
[Black "Lein, Marina"]
[Result "0-1"]
[WhiteElo "1536"]
[BlackElo "1970"]
[PlyCount "72"]
[EventDate "2003.11.??"]

1. Nf3 Nf6 2. c4 g6 3. b4 Bg7 4. Bb2 O-O 5. g3 c6 6. Bg2 d5 7. Qc2 Bf5 8. d3 a5
9. a3 axb4 10. axb4 Rxa1 11. Bxa1 dxc4 12. Qxc4 Nbd7 13. Nbd2 Nb6 14. Qc1 Qc8
15. O-O Bh3 16. Re1 Bxg2 17. Kxg2 Nbd5 18. Qc4 b5 19. Qc5 Nd7 20. Qa7 Bxa1 21.
Rxa1 Nxb4 22. Qa5 Nd5 23. e4 N5b6 24. Qc3 Na4 25. Qc2 Qb7 26. Rb1 Ra8 27. Nd4
Ra6 28. Rc1 c5 29. Ne2 b4 30. d4 cxd4 31. Nxd4 Nc3 32. N2b3 Qb6 33. Ra1 Rxa1
34. Nxa1 Qc5 35. Nab3 Qc4 36. Nf3 Qxe4 0-1

[Event "13sen.WMD 2003 Seniorinnen"]
[Site "Bad Zwischenahn(17.11.-27.11)"]
[Date "2003.11.18"]
[Round "2.8"]
[White "Hoose, Hannelore"]
[Black "Korneeva, Tamara"]
[Result "0-1"]
[WhiteElo "1671"]
[BlackElo "1879"]
[PlyCount "170"]
[EventDate "2003.11.??"]

1. e4 e6 2. d4 h6 3. Bd3 c5 4. dxc5 Bxc5 5. Qe2 Nc6 6. c3 Nge7 7. Nf3 a6 8. O-O
b5 9. Be3 Bb6 10. a3 Bb7 11. Nbd2 Ng6 12. Nb3 d6 13. Rad1 O-O 14. Bc2 Bxe3 15.
Qxe3 Qc7 16. Rfe1 Rad8 17. Nfd4 Nce5 18. f3 Nc4 19. Qc1 Qb6 20. Kh1 d5 21. exd5
Bxd5 22. Nd2 Nce5 23. Ne4 Qc7 24. Ng3 Qb7 25. Re2 Nc6 26. Be4 Nxd4 27. Rxd4
Bxe4 28. Rdxe4 Rd5 29. Re1 Rfd8 30. R4e2 Qb8 31. Nf1 Nf4 32. Rd2 Nd3 33. Rxd3
Rxd3 34. Qc2 Qf4 35. Qf2 Rd1 36. g3 Qc1 37. Rxd1 Rxd1 38. Kg2 Re1 39. g4 Qd1
40. Ne3 Qc1 41. Nf1 Re5 42. Ng3 Rd5 43. Nf1 h5 44. gxh5 Rxh5 45. Qd2 Qb1 46.
Qd8+ Kh7 47. Qd2 Qg6+ 48. Ng3 Rh6 49. Kf1 Qb1+ 50. Kg2 Qa2 51. Qc2+ Kg8 52. Qd2
Qc4 53. Qd8+ Kh7 54. Qd2 Qh4 55. Kg1 f5 56. Nf1 Rg6+ 57. Kh1 Qh3 58. Qf2 f4 59.
Nd2 Qf5 60. Ne4 Rh6 61. Qg2 Kh8 62. Qf2 g5 63. Qd4+ e5 64. Qd8+ Kg7 65. Qxg5+
Qxg5 66. Nxg5 Kg6 67. Ne4 Kf5 68. b3 Ke6 69. Kg2 Kd5 70. Nd2 Rc6 71. Ne4 Ke6
72. Kf2 Rc8 73. Ng5+ Kf5 74. Ne4 Kg6 75. Kg2 Rd8 76. c4 bxc4 77. bxc4 Rd3 78.
a4 Ra3 79. Nc5 a5 80. Nb7 Rxa4 81. c5 Ra2+ 82. Kg1 a4 83. c6 Rc2 84. Na5 a3 85.
Kh1 a2 0-1

[Event "13sen.WMD 2003 Seniorinnen"]
[Site "Bad Zwischenahn(17.11.-27.11)"]
[Date "2003.11.18"]
[Round "2.9"]
[White "Richter, Hildegard"]
[Black "Schoerghuber, Barbara"]
[Result "1-0"]
[WhiteElo "1713"]
[BlackElo "1457"]
[PlyCount "58"]
[EventDate "2003.11.??"]

1. d4 d5 2. Nf3 Nc6 3. c3 Nf6 4. Bg5 e6 5. e3 Be7 6. Bd3 h6 7. Bh4 Ng4 8. Bg3
f5 9. h3 Nf6 10. Ne5 O-O 11. Ng6 Rf7 12. Nd2 Kh7 13. Nxe7 Nxe7 14. Nf3 Ng6 15.
Rc1 c6 16. O-O Qe7 17. a3 Bd7 18. Bh2 Ne4 19. c4 Re8 20. Qb3 Bc8 21. Rcd1 Kh8
22. c5 f4 23. exf4 Nxf4 24. Bxe4 Ne2+ 25. Kh1 dxe4 26. Ne5 Rf6 27. Qe3 Nxd4 28.
Qxd4 Qf8 29. Qxe4 g6 1-0

[Event "13sen.WMD 2003 Seniorinnen"]
[Site "Bad Zwischenahn(17.11.-27.11)"]
[Date "2003.11.18"]
[Round "2.10"]
[White "Froeling, Philippa"]
[Black "Abolina, Arija-Solvei"]
[Result "0-1"]
[WhiteElo "1316"]
[BlackElo "1793"]
[PlyCount "38"]
[EventDate "2003.11.??"]

1. d4 Nf6 2. Nf3 b6 3. g3 Bb7 4. Bg2 e6 5. Nbd2 c5 6. c3 Be7 7. O-O O-O 8. Re1
cxd4 9. cxd4 Qc7 10. e4 d6 11. e5 dxe5 12. Nxe5 Bxg2 13. Kxg2 Nbd7 14. Ndf3
Rac8 15. Bf4 Nd5 16. Bg5 Nxe5 17. Bxe7 Nxf3 18. Bxf8 Nxe1+ 19. Qxe1 Kxf8 0-1

[Event "13sen.WMD 2003 Seniorinnen"]
[Site "Bad Zwischenahn(17.11.-27.11)"]
[Date "2003.11.18"]
[Round "2.11"]
[White "Kohls, Vera"]
[Black "Brockmeyer, Helga"]
[Result "1-0"]
[WhiteElo "1720"]
[BlackElo "1168"]
[PlyCount "101"]
[EventDate "2003.11.??"]

1. d4 g6 2. Nf3 Bg7 3. c3 d6 4. Bg5 Nf6 5. Nbd2 Bg4 6. Qc2 c5 7. e3 O-O 8. Be2
Nbd7 9. h3 Be6 10. O-O Nb6 11. Nh2 Qd7 12. Bxf6 Bxf6 13. Ne4 Bg7 14. dxc5 Nc8
15. cxd6 exd6 16. Ng5 Bf5 17. Bd3 Bxd3 18. Qxd3 Ne7 19. Rad1 Nf5 20. e4 Ne7 21.
Qxd6 Qxd6 22. Rxd6 Be5 23. Rd7 Bf6 24. Ngf3 Rab8 25. e5 Rfd8 26. Rxd8+ Rxd8 27.
exf6 Nc6 28. Ng4 Rd6 29. Re1 h5 30. Nge5 Rxf6 31. Nxc6 Rxc6 32. Re7 Rb6 33. b3
Kf8 34. Rc7 f6 35. Nd4 a6 36. Kf1 Ke8 37. Ke2 Kd8 38. Rg7 f5 39. Kd3 Kc8 40.
Rf7 Rd6 41. Kc4 b6 42. Re7 Kb8 43. Re6 Kc7 44. Rxd6 Kxd6 45. Nf3 b5+ 46. Kd4 a5
47. Nh4 g5 48. Nxf5+ Kc6 49. Ng3 h4 50. Ne4 a4 51. b4 1-0

[Event "13sen.WMD 2003 Seniorinnen"]
[Site "Bad Zwischenahn(17.11.-27.11)"]
[Date "2003.11.19"]
[Round "3.1"]
[White "Erenska-Barlo, Hanna"]
[Black "Khmiadashvili, Tamari"]
[Result "1/2-1/2"]
[WhiteElo "2247"]
[BlackElo "2357"]
[PlyCount "39"]
[EventDate "2003.11.??"]

1. e4 c6 2. d4 g6 3. Nc3 Bg7 4. Bc4 e6 5. Nf3 d5 6. Bb3 Ne7 7. O-O O-O 8. Re1
h6 9. Bf4 g5 10. Be5 Ng6 11. Bxg7 Kxg7 12. Nd2 f5 13. exd5 exd5 14. Ne2 f4 15.
c4 Bg4 16. f3 Be6 17. Nc3 Bf7 18. cxd5 cxd5 19. Bc2 Nc6 20. Nb3 1/2-1/2

[Event "13sen.WMD 2003 Seniorinnen"]
[Site "Bad Zwischenahn(17.11.-27.11)"]
[Date "2003.11.19"]
[Round "3.2"]
[White "Fatalibekova, Elena"]
[Black "Macek, Vlasta"]
[Result "1-0"]
[WhiteElo "2291"]
[BlackElo "2211"]
[PlyCount "111"]
[EventDate "2003.11.??"]

1. c4 c6 2. e4 d5 3. cxd5 cxd5 4. exd5 Nf6 5. Bb5+ Bd7 6. Bc4 Qc7 7. d3 b5 8.
Bb3 Bg4 9. f3 Bf5 10. Ne2 Nbd7 11. Nbc3 a6 12. d4 Nb6 13. Nf4 g5 14. Nd3 h6 15.
Ne5 Qd6 16. Qe2 Nfxd5 17. O-O Bg7 18. Kh1 O-O 19. Ne4 Qd8 20. Ng3 Bh7 21. Nh5
Bh8 22. h4 e6 23. Ng4 Bg6 24. Nxh6+ Kh7 25. Ng3 gxh4 26. Ne4 Bxd4 27. Ng5+ Kg7
28. Bc2 Bf6 29. Ne4 Be7 30. Ng4 Nb4 31. Bh6+ Kh7 32. Rad1 N6d5 33. Bb1 Rg8 34.
Bc1 Nc6 35. Nc3 Bxb1 36. Nxb1 Qe8 37. Nc3 Nxc3 38. bxc3 Rg6 39. c4 b4 40. Bb2
Rd8 41. Rxd8 Qxd8 42. Rd1 Qe8 43. c5 f5 44. Ne5 Nxe5 45. Bxe5 Qc6 46. Bd6 Bf6
47. Qxe6 h3 48. Qxf5 hxg2+ 49. Kg1 Qa4 50. Rd2 b3 51. Rxg2 Qd4+ 52. Kh1 Bg5 53.
Rh2+ Bh6 54. Rxh6+ Kxh6 55. Bf8+ Kh7 56. Qh5+ 1-0

[Event "13sen.WMD 2003 Seniorinnen"]
[Site "Bad Zwischenahn(17.11.-27.11)"]
[Date "2003.11.19"]
[Round "3.4"]
[White "Komycheva, Margarita"]
[Black "Abdikasova, Panno"]
[Result "1-0"]
[WhiteElo "2208"]
[BlackElo "2006"]
[PlyCount "173"]
[EventDate "2003.11.??"]

1. e4 g6 2. d4 Bg7 3. f4 e6 4. Nf3 d6 5. Bd3 Ne7 6. O-O f5 7. c3 h6 8. Be3 b6
9. Qe2 a6 10. Nbd2 O-O 11. g3 Kh8 12. Nh4 Qe8 13. Rad1 Nd7 14. Bf2 Nf6 15. exf5
gxf5 16. Bc4 Nfd5 17. Bb3 b5 18. c4 bxc4 19. Nxc4 Bd7 20. Rc1 Bf6 21. Ng2 Rg8
22. Rfd1 Qf7 23. Nce3 Nxe3 24. Nxe3 c6 25. Be1 d5 26. Ba4 Qg7 27. Bc3 Rgc8 28.
Ng2 Ng8 29. Rc2 Bd8 30. Ne1 Bc7 31. Nd3 Nf6 32. Ne5 Bxe5 33. Qxe5 Ne4 34. Qxg7+
Kxg7 35. Bb4 a5 36. Ba3 Rab8 37. Rdc1 Rb6 38. Kf1 h5 39. Ke2 Kf7 40. Kd3 Ke8
41. Rg2 Kd8 42. Bd1 Be8 43. Bc5 Rb7 44. Ba4 Nxc5+ 45. Rxc5 Rcb8 46. b3 Kc7 47.
Rxa5 Kb6 48. Rc5 Rg7 49. Rgc2 Rc8 50. Ke3 h4 51. Kf2 hxg3+ 52. hxg3 Bd7 53. Kf3
Rcg8 54. Rg2 Be8 55. Kf2 Rh7 56. Rc1 Rh6 57. a3 Bd7 58. Kf3 Kb7 59. Kf2 Kb6 60.
Rd1 Bc8 61. Re1 c5 62. dxc5+ Kxc5 63. Rc1+ Kd6 64. Rc6+ Ke7 65. b4 Kf6 66. Bb3
Rd8 67. Ke2 Bb7 68. Rb6 Ba8 69. Rg1 Rh2+ 70. Kd3 Rg8 71. Ba4 d4 72. Bb3 Be4+
73. Kxd4 Rd2+ 74. Kc3 Rd3+ 75. Kb2 Bd5 76. Bxd5 Rxd5 77. Rc6 Rd2+ 78. Kb3 Rd3+
79. Rc3 Rd4 80. a4 Rb8 81. b5 e5 82. Rc6+ Ke7 83. fxe5 Re4 84. e6 Ra8 85. Rc4
Rxe6 86. Kb4 Re2 87. Rgc1 1-0

[Event "13sen.WMD 2003 Seniorinnen"]
[Site "Bad Zwischenahn(17.11.-27.11)"]
[Date "2003.11.19"]
[Round "3.5"]
[White "Korneeva, Tamara"]
[Black "Litinskaya, Marta_I"]
[Result "0-1"]
[WhiteElo "1879"]
[BlackElo "2410"]
[PlyCount "77"]
[EventDate "2003.11.??"]

1. e4 c5 2. Nf3 d6 3. c4 Nf6 4. Nc3 Qa5 5. Be2 Nc6 6. d3 e6 7. Bd2 Qc7 8. a3
Be7 9. Rb1 O-O 10. b4 b6 11. Be3 Bb7 12. Qc2 Rac8 13. O-O Rfe8 14. Qb2 Ba8 15.
Rbd1 h6 16. Bf4 Qb7 17. Ne1 Nd4 18. Nf3 Nxe2+ 19. Nxe2 cxb4 20. axb4 b5 21. Qb3
bxc4 22. dxc4 Qxe4 23. Be3 Rxc4 24. Rd4 Rxd4 25. Nexd4 e5 26. Nc2 a6 27. h3 Qg6
28. Nce1 Bc6 29. Nh2 Bb5 30. Nef3 Bxf1 31. Kxf1 Rc8 32. g4 Qc2 33. Qxc2 Rxc2
34. Bb6 Nd5 35. Ba5 Rb2 36. h4 Nxb4 37. g5 Nc6 38. Bc3 Rc2 39. Bd2 0-1